000 00549nam a22001932 4500
001 0000004976
005 20170406120244.0
008 141127s xx 000 0 eng d
020 _c$
040 _aYour Holding Symbol
_cYour Holding Symbol
100 1 _aTaylor,Martha .R.
245 1 3 _aAn introduction to concept mapping for cambell's biology.
250 _a3rd ed.
260 _aNew york :
_bCummings publishers,
_c1993.
300 _a452 p. :
_bill ;
_c cm.
504 _aindex.
650 0 _abiology.
908 _a141127
999 _c4783
_d4783